00000000nam##2200000za#4500
0019.640016
003CaOODSP
00520210624222448
007cr |||||||||||
008150407|2000||||xxc|||||o    f|0| 0 fre|d
040 |aCaOODSP|bfre
043 |an-cn---
0861 |aSC94-74/2000-1F-PDF
1101 |aCanada.|bCentre canadien de gestion.
24513|aLa fonction publique - une organisation apprenante d'un océan à l'autre : |h[ressource électronique]|bsur la voie de l'avenir
260 |aOttawa - Ontario : |bCentre canadien de gestion |cJuin 2000.
300 |a63p.|bréférences
500 |aLe n° de catalogue (SC94-74/2000-1) et l'ISBN (0-662-65065-4) de l'édition imprimée bilingue ont été incorrectement copiés dans l'édition électronique.
590 |a12-16-Supp|b2012-04-17
69107|aDéveloppement professionnel|2gcpds
69107|aÉlaboration des politiques|2gcpds
69107|aFonction publique|2gcpds
77508|tA public service learning organization - from coast to coast : |w(CaOODSP)9.695896
7760#|tA public service learning organization: from coast to coast to coast |w(CaOODSP)9.662125
7760#|tLa fonction publique: une organisation apprenante d'un océan à l'autre |w(CaOODSP)9.662126
85640|ahttp://publications.gc.ca|qPDF|s654 Ko|uhttps://publications.gc.ca/collections/Collection/SC94-74-2000-1F.pdf